| 000 | 00898cam a2200289 a 4500 | ||
|---|---|---|---|
| 001 | 7738901 | ||
| 003 | GBCCL | ||
| 005 | 20241126110409.0 | ||
| 008 | 061115s2006 ii a b 010 0 eng d | ||
| 020 | _a8178210568 (pbk.) | ||
| 035 | _a(OCoLC)ocn682724237 | ||
| 035 | _a7738901 | ||
| 040 |
_aCtY-D _cCtY-D |
||
| 043 | _aa-ii--- | ||
| 050 | 4 |
_aBV2063 _b.I58 2006 |
|
| 082 |
_a266.001 _bINT |
||
| 245 | 0 | 0 |
_aIntegral mission : _bthe way forward : essays in honour of Dr. Saphir P. Athyal / _ceditor C.V. Mathew. |
| 260 |
_aTiruvalla, Kerala, India : _bChristava Sahitya Samithi, _cc2006. |
||
| 300 |
_a408 p. : _bcol. ill. ; _c22 cm. |
||
| 504 | _aIncludes bibliographical references. | ||
| 600 | 1 | 0 |
_aAthyal, Saphir P. _93698 |
| 650 | 0 |
_aMissions _xTheory. _948 |
|
| 650 | 0 |
_aMissions _zIndia. _952 |
|
| 700 | 1 |
_aMathew, C. V. _93318 |
|
| 700 | 1 |
_aAthyal, Saphir P. _93698 |
|
| 942 |
_2ddc _cBK _017 |
||
| 999 |
_c1787 _d1787 |
||